Vista normal
Vista MARC
Entrada Materia (personas)
Número de registros utilizados en: 1
001 - CONTROL NUMBER
- control field: 169140
003 - CONTROL NUMBER IDENTIFIER
- control field: Co-BoUCM
005 - DATE AND TIME OF LATEST TRANSACTION
- control field: 20211112075252.0
008 - FIXED-LENGTH DATA ELEMENTS
- fixed length control field: 211112|| aca||aabn | a|a d
040 ## - CATALOGING SOURCE
- Original cataloging agency: Co-BoUCM
- Transcribing agency: Co-BoUCM
100 ## - HEADING--PERSONAL NAME
- Personal name: Ampudia Asprilla, Lenis Gustavo
- Titles and other words associated with a name: omp
670 ## - SOURCE DATA FOUND
- Source citation: Work cat.: (Co-BoUCM)75315: Congreso Internacional de Criminología y Derecho Penal (3o 2010 abr. 18-20 Calí) 169139, Globalización del derecho penal y la criminología, 2010